[Event "DVM U16 2023"]
[Site "Magdeburg GER"]
[Date "2023.12.28"]
[Round "3"]
[White "Pohle, Saskia"]
[Black "Studzinski, Bruno"]
[Result "1-0"]
[Termination "normal"]
[Board "3.3"]
[WhiteElo "1787"]
[BlackElo "1576"]
[WhiteClock "00:38:46"]
[BlackClock "00:10:35"]
[WhiteTeam "Schachzwerge Magdeburg"]
[BlackTeam "Barnimer SF im SV Stahl Finow"]
[PlyCount "53"]
[WhiteFideId "16201604"]
[BlackFideId "16296478"]
[EventCountry "GER"]
[EventRounds "7"]
[EventType "team-swiss"]
[EventDate "2023.12.26"]

1. e4 {[%clk 01:30:59]} e5 {[%clk 01:30:54]} {[%emt 00:00:06]} 2. Nf3 {[%clk
01:31:25]} {[%emt 00:00:04]} Nf6 {[%clk 01:31:13]} {[%emt 00:00:11]} 3. Nxe5
{[%clk 01:31:48]} {[%emt 00:00:07]} d6 {[%clk 01:31:37]} {[%emt 00:00:06]} 4.
Nf3 {[%clk 01:32:14]} {[%emt 00:00:04]} Nxe4 {[%clk 01:31:58]} {[%emt
00:00:08]} 5. d4 {[%clk 01:32:40]} {[%emt 00:00:05]} d5 {[%clk 01:32:09]}
{[%emt 00:00:19]} 6. Bd3 {[%clk 01:33:03]} {[%emt 00:00:06]} Bd6 {[%clk
01:32:13]} {[%emt 00:00:26]} 7. O-O {[%clk 01:33:12]} {[%emt 00:00:22]} O-O
{[%clk 01:32:41]} {[%emt 00:00:02]} 8. c4 {[%clk 01:33:30]} {[%emt 00:00:12]}
c6 {[%clk 01:32:28]} {[%emt 00:00:42]} 9. Nc3 {[%clk 01:33:47]} {[%emt
00:00:13]} Nxc3 {[%clk 01:27:34]} {[%emt 00:05:24]} 10. bxc3 {[%clk 01:34:11]}
{[%emt 00:00:07]} dxc4 {[%clk 01:09:56]} {[%emt 00:18:08]} 11. Bxc4 {[%clk
01:34:33]} {[%emt 00:00:07]} Bf5 {[%clk 00:58:33]} {[%emt 00:11:54]} 12. Re1
{[%clk 01:33:41]} {[%emt 00:01:22]} Re8 {[%clk 00:45:24]} {[%emt 00:13:39]} 13.
Bg5 {[%clk 01:27:17]} {[%emt 00:06:54]} Rxe1+ {[%clk 00:42:42]} {[%emt
00:03:12]} 14. Qxe1 {[%clk 01:25:23]} {[%emt 00:02:24]} Qc8 {[%clk 00:36:26]}
{[%emt 00:06:46]} 15. Qe3 {[%clk 01:08:07]} {[%emt 00:17:45]} Nd7 {[%clk
00:34:44]} {[%emt 00:02:12]} 16. Nh4 {[%clk 01:05:00]} {[%emt 00:03:37]} Bg6
{[%clk 00:24:14]} {[%emt 00:11:01]} 17. Nxg6 {[%clk 00:55:06]} {[%emt
00:10:24]} hxg6 {[%clk 00:24:18]} {[%emt 00:00:26]} 18. Qf3 {[%clk 00:53:03]}
{[%emt 00:02:33]} Qe8 {[%clk 00:21:51]} {[%emt 00:02:57]} 19. Kf1 {[%clk
00:50:40]} {[%emt 00:02:53]} Nb6 {[%clk 00:20:29]} {[%emt 00:01:52]} 20. Bb3
{[%clk 00:42:26]} {[%emt 00:08:44]} Qd7 {[%clk 00:17:37]} {[%emt 00:03:20]} 21.
Re1 {[%clk 00:40:13]} {[%emt 00:02:44]} Re8 {[%clk 00:17:02]} {[%emt 00:01:05]}
22. Qxf7+ {[%clk 00:39:11]} {[%emt 00:01:32]} Qxf7 {[%clk 00:12:43]} {[%emt
00:04:49]} 23. Rxe8+ {[%clk 00:39:33]} {[%emt 00:00:08]} Bf8 {[%clk 00:13:03]}
{[%emt 00:00:10]} 24. Bxf7+ {[%clk 00:39:52]} {[%emt 00:00:10]} Kxf7 {[%clk
00:13:31]} {[%emt 00:00:02]} 25. Rb8 {[%clk 00:39:34]} {[%emt 00:00:48]} Nd5
{[%clk 00:10:40]} {[%emt 00:03:23]} 26. Rxb7+ {[%clk 00:39:14]} {[%emt
00:00:50]} Ke6 {[%clk 00:10:35]} {[%emt 00:00:34]} 27. Bd2 {[%clk 00:38:46]}
{[%emt 00:00:58]} 1-0

[Event "DVM U16 2023"]
[Site "Magdeburg GER"]
[Date "2023.12.28"]
[Round "3"]
[White "Beduschi, Ben"]
[Black "Petzold, Johannes Julius"]
[Result "1/2-1/2"]
[Termination "normal"]
[Board "3.4"]
[WhiteElo "1638"]
[BlackElo "1618"]
[WhiteClock "00:05:04"]
[BlackClock "00:23:53"]
[WhiteTeam "Barnimer SF im SV Stahl Finow"]
[BlackTeam "Schachzwerge Magdeburg"]
[PlyCount "114"]
[WhiteFideId "16273443"]
[BlackFideId "16289455"]
[EventCountry "GER"]
[EventRounds "7"]
[EventType "team-swiss"]
[EventDate "2023.12.26"]

1. d4 {[%clk 01:30:57]} {[%emt 00:00:01]} Nf6 {[%clk 01:30:55]} {[%emt
00:00:05]} 2. Nf3 {[%clk 01:30:54]} {[%emt 00:00:33]} g6 {[%clk 01:31:20]}
{[%emt 00:00:06]} 3. Bf4 {[%clk 01:31:13]} {[%emt 00:00:10]} Bg7 {[%clk
01:31:41]} {[%emt 00:00:09]} 4. e3 {[%clk 01:31:37]} {[%emt 00:00:07]} O-O
{[%clk 01:32:07]} {[%emt 00:00:05]} 5. Be2 {[%clk 01:32:03]} {[%emt 00:00:03]}
d6 {[%clk 01:32:33]} {[%emt 00:00:04]} 6. h3 {[%clk 01:32:29]} {[%emt
00:00:03]} Nc6 {[%clk 01:31:30]} {[%emt 00:01:34]} 7. O-O {[%clk 01:31:23]}
{[%emt 00:01:35]} Qe8 {[%clk 01:26:03]} {[%emt 00:05:59]} 8. c3 {[%clk
01:28:46]} {[%emt 00:03:06]} e5 {[%clk 01:26:11]} {[%emt 00:00:22]} 9. Bh2
{[%clk 01:29:08]} {[%emt 00:00:07]} e4 {[%clk 01:20:26]} {[%emt 00:06:16]} 10.
Nfd2 {[%clk 01:28:44]} {[%emt 00:00:54]} Nd7 {[%clk 01:18:50]} {[%emt
00:02:06]} 11. a4 {[%clk 01:28:38]} {[%emt 00:00:36]} f5 {[%clk 01:17:06]}
{[%emt 00:02:13]} 12. Re1 {[%clk 00:47:44]} {[%emt 00:41:25]} Nf6 {[%clk
01:13:30]} {[%emt 00:04:06]} 13. b4 {[%clk 00:46:20]} {[%emt 00:01:54]} g5
{[%clk 01:09:55]} {[%emt 00:04:06]} 14. Qc2 {[%clk 00:25:59]} {[%emt 00:20:51]}
Kh8 {[%clk 01:03:29]} {[%emt 00:06:55]} 15. b5 {[%clk 00:25:37]} {[%emt
00:00:52]} Ne7 {[%clk 01:00:33]} {[%emt 00:03:26]} 16. c4 {[%clk 00:25:50]}
{[%emt 00:00:18]} Qg6 {[%clk 00:59:18]} {[%emt 00:01:45]} 17. Nc3 {[%clk
00:20:46]} {[%emt 00:05:33]} g4 {[%clk 00:51:15]} {[%emt 00:08:33]} 18. hxg4
{[%clk 00:07:56]} {[%emt 00:13:21]} Nxg4 {[%clk 00:51:39]} {[%emt 00:00:06]}
19. Bxg4 {[%clk 00:08:16]} {[%emt 00:00:09]} Qxg4 {[%clk 00:52:00]} {[%emt
00:00:08]} 20. Qd1 {[%clk 00:08:32]} {[%emt 00:00:15]} Qg6 {[%clk 00:49:37]}
{[%emt 00:02:54]} 21. Ne2 {[%clk 00:08:52]} {[%emt 00:00:09]} Qf7 {[%clk
00:44:28]} {[%emt 00:05:39]} 22. Nf4 {[%clk 00:08:54]} {[%emt 00:00:28]} Ng6
{[%clk 00:43:48]} {[%emt 00:01:09]} 23. Qh5 {[%clk 00:08:16]} {[%emt 00:01:08]}
Nxf4 {[%clk 00:43:13]} {[%emt 00:01:06]} 24. Qxf7 {[%clk 00:08:41]} {[%emt
00:00:06]} Rxf7 {[%clk 00:43:37]} {[%emt 00:00:05]} 25. Bxf4 {[%clk 00:09:04]}
{[%emt 00:00:07]} Be6 {[%clk 00:40:01]} {[%emt 00:04:06]} 26. Rac1 {[%clk
00:08:11]} {[%emt 00:01:23]} a6 {[%clk 00:27:42]} {[%emt 00:12:49]} 27. c5
{[%clk 00:02:21]} {[%emt 00:06:20]} axb5 {[%clk 00:21:26]} {[%emt 00:06:46]}
28. axb5 {[%clk 00:02:29]} {[%emt 00:00:22]} Ra2 {[%clk 00:20:41]} {[%emt
00:01:16]} 29. Nf1 {[%clk 00:01:36]} {[%emt 00:01:22]} Bf8 {[%clk 00:17:36]}
{[%emt 00:03:35]} 30. b6 {[%clk 00:01:07]} {[%emt 00:00:59]} dxc5 {[%clk
00:16:15]} {[%emt 00:01:51]} 31. dxc5 {[%clk 00:01:18]} {[%emt 00:00:19]} c6
{[%clk 00:14:27]} {[%emt 00:02:18]} 32. Ng3 {[%clk 00:00:40]} {[%emt 00:01:08]}
Rd7 {[%clk 00:12:08]} {[%emt 00:02:49]} 33. Be5+ {[%clk 00:00:58]} {[%emt
00:00:12]} Kg8 {[%clk 00:11:24]} {[%emt 00:01:14]} 34. Bd4 {[%clk 00:01:18]}
{[%emt 00:00:10]} Be7 {[%clk 00:05:41]} {[%emt 00:06:13]} 35. Nh5 {[%clk
00:00:43]} {[%emt 00:01:05]} Kf7 {[%clk 00:05:59]} {[%emt 00:00:12]} 36. Nf4
{[%clk 00:00:51]} {[%emt 00:00:22]} Ra5 {[%clk 00:05:14]} {[%emt 00:01:14]} 37.
Ra1 {[%clk 00:00:46]} {[%emt 00:00:36]} Rb5 {[%clk 00:05:28]} {[%emt 00:00:15]}
38. Rec1 {[%clk 00:00:39]} {[%emt 00:00:38]} Bg5 {[%clk 00:04:23]} {[%emt
00:01:36]} 39. g3 {[%clk 00:00:42]} {[%emt 00:00:26]} Bxf4 {[%clk 00:03:12]}
{[%emt 00:01:41]} 40. gxf4 {[%clk 00:01:06]} {[%emt 00:00:06]} Rd8 {[%clk
00:02:23]} {[%emt 00:01:19]} 41. Ra7 {[%clk 00:29:33]} {[%emt 00:02:02]} Bc8
{[%clk 00:32:18]} {[%emt 00:00:36]} 42. Kh2 {[%clk 00:28:21]} {[%emt 00:01:40]}
Rg8 {[%clk 00:30:37]} {[%emt 00:02:12]} 43. Rg1 {[%clk 00:27:27]} {[%emt
00:01:24]} Rxg1 {[%clk 00:30:49]} {[%emt 00:00:18]} 44. Kxg1 {[%clk 00:27:49]}
{[%emt 00:00:08]} Rb1+ {[%clk 00:31:17]} {[%emt 00:00:03]} 45. Kg2 {[%clk
00:28:05]} {[%emt 00:00:12]} Ke6 {[%clk 00:31:02]} {[%emt 00:00:46]} 46. Ra8
{[%clk 00:27:19]} {[%emt 00:01:17]} Kd7 {[%clk 00:31:19]} {[%emt 00:00:13]} 47.
Kg3 {[%clk 00:25:02]} {[%emt 00:02:46]} Rg1+ {[%clk 00:29:18]} {[%emt
00:02:32]} 48. Kh4 {[%clk 00:19:21]} {[%emt 00:06:11]} Rg4+ {[%clk 00:25:20]}
{[%emt 00:04:28]} 49. Kh5 {[%clk 00:18:34]} {[%emt 00:01:16]} Rg6 {[%clk
00:24:18]} {[%emt 00:01:33]} 50. Be5 {[%clk 00:12:13]} {[%emt 00:06:50]} Kd8
{[%clk 00:23:20]} {[%emt 00:01:28]} 51. Bc7+ {[%clk 00:12:33]} {[%emt
00:00:10]} Kd7 {[%clk 00:23:30]} {[%emt 00:00:21]} 52. Be5 {[%clk 00:12:26]}
{[%emt 00:00:36]} Kd8 {[%clk 00:23:29]} {[%emt 00:00:32]} 53. Bc7+ {[%clk
00:12:11]} {[%emt 00:00:44]} Kd7 {[%clk 00:23:55]} {[%emt 00:00:05]} 54. Ra1
{[%clk 00:12:25]} {[%emt 00:00:16]} Ke8 {[%clk 00:22:53]} {[%emt 00:01:31]} 55.
Rd1 {[%clk 00:11:25]} {[%emt 00:01:28]} Bd7 {[%clk 00:23:03]} {[%emt 00:00:23]}
56. Ra1 {[%clk 00:10:12]} {[%emt 00:01:43]} Bc8 {[%clk 00:23:28]} {[%emt
00:00:05]} 57. Ra8 {[%clk 00:05:04]} {[%emt 00:05:37]} Kd7 {[%clk 00:23:53]}
{[%emt 00:00:06]} 1/2-1/2

[Event "DVM U16 2023"]
[Site "Magdeburg GER"]
[Date "2023.12.28"]
[Round "3"]
[White "Ermitsch, Magnus"]
[Black "Winkler, Yonathan"]
[Result "1-0"]
[Termination "normal"]
[Board "4.1"]
[WhiteTitle "FM"]
[WhiteElo "2273"]
[BlackElo "1972"]
[WhiteClock "01:12:31"]
[BlackClock "00:54:39"]
[WhiteTeam "SK Doppelbauer Kiel 1910"]
[BlackTeam "Bielefelder SK 1883"]
[PlyCount "47"]
[WhiteFideId "16234464"]
[BlackFideId "16266080"]
[EventCountry "GER"]
[EventRounds "7"]
[EventType "team-swiss"]
[EventDate "2023.12.26"]

1. e4 {[%clk 01:30:58]} c5 {[%clk 01:30:53]} {[%emt 00:00:08]} 2. Nf3 {[%clk
01:31:24]} {[%emt 00:00:04]} a6 {[%clk 01:31:15]} {[%emt 00:00:06]} 3. c4
{[%clk 01:31:52]} {[%emt 00:00:04]} Nc6 {[%clk 01:31:36]} {[%emt 00:00:09]} 4.
d4 {[%clk 01:32:19]} {[%emt 00:00:04]} cxd4 {[%clk 01:31:58]} {[%emt 00:00:08]}
5. Nxd4 {[%clk 01:32:45]} {[%emt 00:00:04]} e5 {[%clk 01:32:20]} {[%emt
00:00:07]} 6. Nf5 {[%clk 01:33:06]} {[%emt 00:00:10]} d5 {[%clk 01:31:52]}
{[%emt 00:00:58]} 7. cxd5 {[%clk 01:33:28]} {[%emt 00:00:08]} Bxf5 {[%clk
01:32:16]} {[%emt 00:00:06]} 8. exf5 {[%clk 01:33:50]} {[%emt 00:00:08]} Nd4
{[%clk 01:32:40]} {[%emt 00:00:05]} 9. Bd3 {[%clk 01:31:59]} {[%emt 00:02:22]}
Nf6 {[%clk 01:33:03]} {[%emt 00:00:08]} 10. Nc3 {[%clk 01:32:24]} {[%emt
00:00:05]} Be7 {[%clk 01:30:40]} {[%emt 00:02:52]} 11. O-O {[%clk 01:32:48]}
{[%emt 00:00:07]} O-O {[%clk 01:25:37]} {[%emt 00:05:32]} 12. Re1 {[%clk
01:31:06]} {[%emt 00:02:12]} Nxd5 {[%clk 01:21:11]} {[%emt 00:04:56]} 13. Nxd5
{[%clk 01:31:18]} {[%emt 00:00:18]} Qxd5 {[%clk 01:21:34]} {[%emt 00:00:07]}
14. Be4 {[%clk 01:31:43]} {[%emt 00:00:05]} Qd6 {[%clk 01:03:26]} {[%emt
00:18:39]} 15. Be3 {[%clk 01:24:36]} {[%emt 00:07:38]} Rfd8 {[%clk 01:01:29]}
{[%emt 00:02:26]} 16. Bxd4 {[%clk 01:22:12]} {[%emt 00:02:54]} exd4 {[%clk
00:58:10]} {[%emt 00:03:49]} 17. Bxb7 {[%clk 01:21:45]} {[%emt 00:00:57]} Rab8
{[%clk 00:58:36]} {[%emt 00:00:04]} 18. Bxa6 {[%clk 01:21:48]} {[%emt
00:00:27]} Qxa6 {[%clk 00:57:43]} {[%emt 00:01:23]} 19. Rxe7 {[%clk 01:22:11]}
{[%emt 00:00:07]} Qf6 {[%clk 00:58:10]} {[%emt 00:00:02]} 20. Re2 {[%clk
01:13:44]} {[%emt 00:08:57]} d3 {[%clk 00:54:04]} {[%emt 00:04:36]} 21. Rd2
{[%clk 01:13:56]} {[%emt 00:00:18]} Rxb2 {[%clk 00:54:06]} {[%emt 00:00:29]}
22. Rxd3 {[%clk 01:13:19]} {[%emt 00:01:07]} Rxd3 {[%clk 00:54:21]} {[%emt
00:00:15]} 23. Qxd3 {[%clk 01:13:16]} {[%emt 00:00:33]} Rd2 {[%clk 00:54:39]}
{[%emt 00:00:12]} 24. Re1 {[%clk 01:12:31]} {[%emt 00:01:15]} 1-0

[Event "DVM U16 2023"]
[Site "Magdeburg GER"]
[Date "2023.12.28"]
[Round "3"]
[White "Weeke, Tom"]
[Black "Shtompel, Yuriy"]
[Result "0-1"]
[Termination "normal"]
[Board "4.2"]
[WhiteElo "1330"]
[BlackElo "2072"]
[WhiteClock "00:51:18"]
[BlackClock "00:24:11"]
[WhiteTeam "Bielefelder SK 1883"]
[BlackTeam "SK Doppelbauer Kiel 1910"]
[PlyCount "78"]
[WhiteFideId "34607080"]
[BlackFideId "14168278"]
[EventCountry "GER"]
[EventRounds "7"]
[EventType "team-swiss"]
[EventDate "2023.12.26"]

1. e4 {[%clk 01:30:57]} {[%emt 00:00:02]} c5 {[%clk 01:30:35]} {[%emt
00:00:25]} 2. c3 {[%clk 01:31:22]} {[%emt 00:00:06]} Nf6 {[%clk 01:31:01]}
{[%emt 00:00:04]} 3. e5 {[%clk 01:31:47]} {[%emt 00:00:05]} Nd5 {[%clk
01:31:22]} {[%emt 00:00:08]} 4. d4 {[%clk 01:32:12]} {[%emt 00:00:06]} cxd4
{[%clk 01:31:48]} {[%emt 00:00:05]} 5. Nf3 {[%clk 01:32:37]} {[%emt 00:00:04]}
e6 {[%clk 01:27:57]} {[%emt 00:04:20]} 6. cxd4 {[%clk 01:32:36]} {[%emt
00:00:32]} d6 {[%clk 01:27:26]} {[%emt 00:01:01]} 7. Bc4 {[%clk 01:29:39]}
{[%emt 00:03:27]} b6 {[%clk 01:14:45]} {[%emt 00:13:11]} 8. Bxd5 {[%clk
01:28:11]} {[%emt 00:01:57]} exd5 {[%clk 01:15:09]} {[%emt 00:00:05]} 9. O-O
{[%clk 01:28:30]} {[%emt 00:00:11]} Be7 {[%clk 01:12:59]} {[%emt 00:02:41]} 10.
Nc3 {[%clk 01:24:49]} {[%emt 00:04:11]} Bb7 {[%clk 01:09:38]} {[%emt 00:03:50]}
11. Qa4+ {[%clk 01:20:44]} {[%emt 00:04:35]} Qd7 {[%clk 01:06:32]} {[%emt
00:03:37]} 12. Qxd7+ {[%clk 01:20:37]} {[%emt 00:00:38]} Kxd7 {[%clk 01:05:52]}
{[%emt 00:01:10]} 13. Bf4 {[%clk 01:20:00]} {[%emt 00:01:07]} Na6 {[%clk
01:02:10]} {[%emt 00:04:12]} 14. a3 {[%clk 01:19:02]} {[%emt 00:01:28]} Nc7
{[%clk 01:01:09]} {[%emt 00:01:30]} 15. exd6 {[%clk 01:18:05]} {[%emt
00:01:28]} Bxd6 {[%clk 01:01:29]} {[%emt 00:00:10]} 16. Bxd6 {[%clk 01:18:25]}
{[%emt 00:00:10]} Kxd6 {[%clk 01:01:52]} {[%emt 00:00:07]} 17. Ne5 {[%clk
01:18:44]} {[%emt 00:00:11]} Rhf8 {[%clk 01:01:24]} {[%emt 00:00:58]} 18. Rfe1
{[%clk 01:17:59]} {[%emt 00:01:15]} f6 {[%clk 01:00:51]} {[%emt 00:01:03]} 19.
Nf3 {[%clk 01:18:21]} {[%emt 00:00:08]} Bc6 {[%clk 00:59:38]} {[%emt 00:01:44]}
20. Rac1 {[%clk 01:17:19]} {[%emt 00:01:32]} Bd7 {[%clk 00:58:26]} {[%emt
00:01:41]} 21. h3 {[%clk 01:16:26]} {[%emt 00:01:24]} Ne6 {[%clk 00:57:41]}
{[%emt 00:01:12]} 22. Re3 {[%clk 01:15:21]} {[%emt 00:01:37]} Rac8 {[%clk
00:54:10]} {[%emt 00:04:02]} 23. Rce1 {[%clk 01:12:39]} {[%emt 00:03:12]} Nc7
{[%clk 00:49:32]} {[%emt 00:05:08]} 24. Kf1 {[%clk 01:11:00]} {[%emt 00:02:09]}
Rfe8 {[%clk 00:38:35]} {[%emt 00:11:28]} 25. Rxe8 {[%clk 01:09:52]} {[%emt
00:01:37]} Bxe8 {[%clk 00:38:54]} {[%emt 00:00:11]} 26. Nh4 {[%clk 01:09:19]}
{[%emt 00:01:03]} Bd7 {[%clk 00:39:16]} {[%emt 00:00:08]} 27. Nf3 {[%clk
01:08:51]} {[%emt 00:00:58]} Ne6 {[%clk 00:38:56]} {[%emt 00:00:49]} 28. Re3
{[%clk 01:07:14]} {[%emt 00:02:07]} Rc4 {[%clk 00:33:41]} {[%emt 00:05:46]} 29.
b3 {[%clk 01:05:45]} {[%emt 00:01:58]} Rc8 {[%clk 00:32:10]} {[%emt 00:02:01]}
30. Kg1 {[%clk 01:03:53]} {[%emt 00:02:23]} Nf4 {[%clk 00:30:23]} {[%emt
00:02:17]} 31. Kf1 {[%clk 01:03:56]} {[%emt 00:00:27]} a6 {[%clk 00:28:50]}
{[%emt 00:02:03]} 32. Nd2 {[%clk 01:03:32]} {[%emt 00:00:53]} Bf5 {[%clk
00:27:23]} {[%emt 00:01:57]} 33. Rf3 {[%clk 00:56:36]} {[%emt 00:07:26]} g5
{[%clk 00:25:17]} {[%emt 00:02:36]} 34. Ke1 {[%clk 00:51:02]} {[%emt 00:06:05]}
Nxg2+ {[%clk 00:23:20]} {[%emt 00:02:26]} 35. Kd1 {[%clk 00:51:29]} {[%emt
00:00:04]} Nf4 {[%clk 00:23:26]} {[%emt 00:00:23]} 36. Ne2 {[%clk 00:51:10]}
{[%emt 00:00:49]} Bc2+ {[%clk 00:23:03]} {[%emt 00:00:52]} 37. Ke1 {[%clk
00:51:36]} {[%emt 00:00:05]} Bd3 {[%clk 00:23:23]} {[%emt 00:00:10]} 38. Rxf4
{[%clk 00:50:53]} {[%emt 00:01:13]} gxf4 {[%clk 00:23:46]} {[%emt 00:00:07]}
39. f3 {[%clk 00:51:18]} {[%emt 00:00:05]} Re8 {[%clk 00:24:11]} {[%emt
00:00:05]} 0-1

[Event "DVM U16 2023"]
[Site "Magdeburg GER"]
[Date "2023.12.28"]
[Round "3"]
[White "Vollbehr, Bjarne"]
[Black "Borghini, Antoine"]
[Result "1/2-1/2"]
[Termination "normal"]
[Board "4.3"]
[WhiteElo "1949"]
[BlackElo "1709"]
[WhiteClock "00:15:08"]
[BlackClock "00:40:12"]
[WhiteTeam "SK Doppelbauer Kiel 1910"]
[BlackTeam "Bielefelder SK 1883"]
[PlyCount "79"]
[WhiteFideId "34606025"]
[BlackFideId "34616144"]
[EventCountry "GER"]
[EventRounds "7"]
[EventType "team-swiss"]
[EventDate "2023.12.26"]

1. Nf3 {[%clk 01:30:56]} {[%emt 00:00:03]} e6 {[%clk 01:30:54]} {[%emt
00:00:07]} 2. b3 {[%clk 01:31:20]} {[%emt 00:00:06]} d5 {[%clk 01:31:06]}
{[%emt 00:00:17]} 3. Bb2 {[%clk 01:31:40]} {[%emt 00:00:10]} c5 {[%clk
01:31:06]} {[%emt 00:00:30]} 4. e3 {[%clk 01:32:00]} {[%emt 00:00:11]} Nf6
{[%clk 01:31:08]} {[%emt 00:00:27]} 5. c4 {[%clk 01:32:08]} {[%emt 00:00:23]}
Nc6 {[%clk 01:30:35]} {[%emt 00:01:03]} 6. cxd5 {[%clk 01:31:57]} {[%emt
00:00:41]} Nxd5 {[%clk 01:30:56]} {[%emt 00:00:08]} 7. Be2 {[%clk 01:30:29]}
{[%emt 00:01:59]} Be7 {[%clk 01:29:45]} {[%emt 00:01:40]} 8. O-O {[%clk
01:30:00]} {[%emt 00:00:59]} Bf6 {[%clk 01:29:15]} {[%emt 00:00:59]} 9. d4
{[%clk 01:29:54]} {[%emt 00:00:36]} cxd4 {[%clk 01:28:43]} {[%emt 00:01:03]}
10. Nxd4 {[%clk 01:30:04]} {[%emt 00:00:20]} Bd7 {[%clk 01:27:06]} {[%emt
00:02:07]} 11. Bf3 {[%clk 01:29:38]} {[%emt 00:00:56]} Nxd4 {[%clk 01:26:28]}
{[%emt 00:01:07]} 12. Bxd4 {[%clk 01:29:58]} {[%emt 00:00:11]} Bc6 {[%clk
01:25:42]} {[%emt 00:01:16]} 13. Na3 {[%clk 01:28:30]} {[%emt 00:01:58]} O-O
{[%clk 01:22:53]} {[%emt 00:03:19]} 14. Nc4 {[%clk 01:26:19]} {[%emt 00:02:40]}
Bxd4 {[%clk 01:19:45]} {[%emt 00:03:37]} 15. Qxd4 {[%clk 01:26:06]} {[%emt
00:00:44]} Nb4 {[%clk 01:19:33]} {[%emt 00:00:42]} 16. Qg4 {[%clk 01:23:24]}
{[%emt 00:03:11]} Bxf3 {[%clk 01:15:54]} {[%emt 00:04:10]} 17. gxf3 {[%clk
01:22:26]} {[%emt 00:01:28]} Qe7 {[%clk 01:14:46]} {[%emt 00:01:37]} 18. a3
{[%clk 01:20:55]} {[%emt 00:02:02]} Nc6 {[%clk 01:14:22]} {[%emt 00:00:54]} 19.
b4 {[%clk 01:19:25]} {[%emt 00:02:00]} b5 {[%clk 01:12:50]} {[%emt 00:02:02]}
20. Nd2 {[%clk 01:18:47]} {[%emt 00:01:08]} Rfd8 {[%clk 01:12:34]} {[%emt
00:00:46]} 21. Nb3 {[%clk 01:18:35]} {[%emt 00:00:42]} Rd5 {[%clk 01:09:28]}
{[%emt 00:03:36]} 22. f4 {[%clk 01:17:02]} {[%emt 00:02:04]} a5 {[%clk
01:08:53]} {[%emt 00:01:05]} 23. Rac1 {[%clk 01:14:41]} {[%emt 00:02:51]} Rd3
{[%clk 00:59:03]} {[%emt 00:10:20]} 24. Rxc6 {[%clk 01:03:12]} {[%emt
00:11:59]} Rxb3 {[%clk 00:59:27]} {[%emt 00:00:06]} 25. Rfc1 {[%clk 01:03:00]}
{[%emt 00:00:42]} g6 {[%clk 00:59:38]} {[%emt 00:00:19]} 26. Qd1 {[%clk
00:58:08]} {[%emt 00:05:21]} Rxa3 {[%clk 00:57:33]} {[%emt 00:02:36]} 27. Qd4
{[%clk 00:58:31]} {[%emt 00:00:07]} Qe8 {[%clk 00:54:29]} {[%emt 00:03:34]} 28.
Rc7 {[%clk 00:48:32]} {[%emt 00:10:29]} Rd8 {[%clk 00:50:10]} {[%emt 00:04:50]}
29. Qf6 {[%clk 00:48:25]} {[%emt 00:00:36]} Rad3 {[%clk 00:47:38]} {[%emt
00:03:02]} 30. bxa5 {[%clk 00:47:29]} {[%emt 00:01:26]} Rd1+ {[%clk 00:46:03]}
{[%emt 00:02:05]} 31. Kg2 {[%clk 00:45:28]} {[%emt 00:02:31]} Rxc1 {[%clk
00:45:32]} {[%emt 00:01:00]} 32. Rxc1 {[%clk 00:44:26]} {[%emt 00:01:32]} Ra8
{[%clk 00:45:27]} {[%emt 00:00:35]} 33. Qc3 {[%clk 00:37:05]} {[%emt 00:07:51]}
Qd8 {[%clk 00:44:46]} {[%emt 00:01:11]} 34. Ra1 {[%clk 00:37:15]} {[%emt
00:00:21]} Qd5+ {[%clk 00:43:21]} {[%emt 00:01:54]} 35. Kg3 {[%clk 00:37:09]}
{[%emt 00:00:37]} h5 {[%clk 00:42:53]} {[%emt 00:00:59]} 36. h4 {[%clk
00:30:02]} {[%emt 00:07:36]} Qd6 {[%clk 00:40:34]} {[%emt 00:02:48]} 37. Rb1
{[%clk 00:28:00]} {[%emt 00:02:32]} Qa6 {[%clk 00:40:18]} {[%emt 00:00:47]} 38.
Ra1 {[%clk 00:26:12]} {[%emt 00:02:19]} Qd6 {[%clk 00:40:40]} {[%emt 00:00:07]}
39. Qb2 {[%clk 00:22:48]} {[%emt 00:03:54]} b4 {[%clk 00:40:12]} {[%emt
00:00:58]} 40. a6 {[%clk 00:15:08]} {[%emt 00:08:11]} 1/2-1/2